Speak for yourself : an introduction to public speaking
| Main Author: | |
|---|---|
| Format: | Book |
| Edition: | 3th edition |
| Subjects: |
MARC
| LEADER | 00000cam a2200000 7i4500 | ||
|---|---|---|---|
| 001 | 0000002995 | ||
| 002 | 000003241 | ||
| 005 | 20000330.0 | ||
| 020 | |a 0070095132 | ||
| 090 | 0 | 0 | |a 808.51 |b BYR |
| 100 | 1 | |a Byrns, James H. | |
| 245 | 1 | 0 | |a Speak for yourself : |b an introduction to public speaking |c James H.Byrns |
| 250 | |a 3th edition | ||
| 300 | |a 329p. ; |c 22cm. | ||
| 650 | 0 | 0 | |a Public speaking |
| 999 | |a 00111352 |b BUKU |c PINJAMAN |e PERPUSTAKAAN KOMUNITI PETALING JAYA | ||
| 999 | |a 036568 |b BUKU |c PINJAMAN |e PERPUSTAKAAN KOMUNITI PETALING JAYA | ||